| 000 | 00450nam a22001697a 4500 | ||
|---|---|---|---|
| 005 | 20180904112432.0 | ||
| 008 | 160524b xxu||||| |||| 00| 0 eng d | ||
| 020 | _a81-8940-09-1 | ||
| 041 | _aeng | ||
| 082 |
_b4619 _a658.4012 |
||
| 100 |
_aHarvard business School & others _91144 |
||
| 245 | _aCase studies in business strategy (vol-V) | ||
| 260 |
_aNew Delhi _bAcademic Faundation |
||
| 300 | _a384p, | ||
| 650 |
_aManagement _9241 |
||
| 942 | _cBK | ||
| 999 |
_c1555 _d1554 |
||